| 000 | 00566cam a22002171a 4500 | ||
|---|---|---|---|
| 020 | _a0140441859 | ||
| 020 | _a9780140441857 | ||
| 040 | _cDLC | ||
| 041 | 1 | _hjpn | |
| 082 | 0 | 4 | _a952 MAT 1966 A104 Or. |
| 082 | 0 | 0 | _a895.6132 |
| 100 | 1 | _aMatsuo, Bash¿, | |
| 245 | 1 | 4 |
_aThe narrow road to the Deep North : _band other travel sketches / |
| 300 |
_a167 pages : _billustrations, maps ; _c18 cm |
||
| 490 | 1 | _aPenguin classics | |
| 650 | 0 | _aVoyages and travels | |
| 650 | 0 | _aTravel writing | |
| 650 | 0 | _aHaiku | |
| 650 | 0 | _aJapanese literature | |
| 942 | _cEK | ||
| 999 |
_c16144 _d16144 |
||